000 00321nam a22001337a 4500
999 _c534412
_d534412
040 _cMSOHAIL
082 _a891.4391
100 _aMuhammad Shamsul Haq
_928486
245 _aPaimana-e-Ghazal: Vol - 2
250 _aVol-2
260 _aIslamabad
_bNational Book Foundation
_cc2009
300 _a473;pxv
942 _2ddc
_cBK